Current Applications of Pharmaceutical Biotechnology /

This book offers an authoritative review of biopharmaceuticals and their clinical relevance. Biopharmaceuticals have been showing high therapeutic potential by means of biological and biosimilar medicines, particularly for the treatment of cancer, chronic diseases (e.g. diabetes, Crohn's diseas...

Full description

Bibliographic Details
Corporate Author: SpringerLink (Online service)
Other Authors: Silva, Ana Catarina (Editor), Moreira, João Nuno (Editor), Lobo, José Manuel Sousa (Editor), Almeida, Hugo (Editor)
Format: eBook
Language:English
Published: Cham : Springer International Publishing : Imprint: Springer, 2020.
Edition:1st ed. 2020.
Series:Advances in Biochemical Engineering/Biotechnology, 171
Subjects:
Online Access:Connect to the full text of this electronic book

MARC

Tag First Indicator Second Indicator Subfields
LEADER 00000nam a22000005i 4500
001 in00004428821
006 m o d
007 cr nn 008mamaa
008 200206s2020 sz | o |||| 0|eng d
005 20230330185441.1
020 |a 9783030404642 
024 7 |a 10.1007/978-3-030-40464-2  |2 doi 
035 |a (DE-He213)978-3-030-40464-2 
035 |a in00004428821 
050 4 |a TP248.13-248.65 
072 7 |a TCB  |2 bicssc 
072 7 |a SCI010000  |2 bisacsh 
072 7 |a TCB  |2 thema 
082 0 4 |a 660.6  |2 23 
245 1 0 |a Current Applications of Pharmaceutical Biotechnology /  |c edited by Ana Catarina Silva, João Nuno Moreira, José Manuel Sousa Lobo, Hugo Almeida. 
250 |a 1st ed. 2020. 
264 1 |a Cham :  |b Springer International Publishing :  |b Imprint: Springer,  |c 2020. 
300 |a 1 online resource (VIII, 400 pages 80 illustrations, 24 illustrations in color.) 
336 |a text  |b txt  |2 rdacontent 
337 |a computer  |b c  |2 rdamedia 
338 |a online resource  |b cr  |2 rdacarrier 
347 |a text file  |b PDF  |2 rda 
490 1 |a Advances in Biochemical Engineering/Biotechnology,  |x 1616-8542 ;  |v 171 
505 0 |a Industrial Challenges of Recombinant Proteins -- Insights on the Formulation of Recombinant Proteins -- Therapeutic Antibody Engineering and Selection Strategies -- Cytokines and Growth Factors -- Hormones, Blood Products and Therapeutic Enzymes -- Advances in Vaccines -- Human Pluripotent Stem Cells: Applications and Challenges for Regenerative Medicine and Disease Modeling -- Addressing the Manufacturing Challenges of Cell-Based Therapies -- Bioprinting Technologies in Tissue Engineering -- Gene Therapy -- The Impact of Pharmacogenomics in Personalized Medicine. 
520 |a This book offers an authoritative review of biopharmaceuticals and their clinical relevance. Biopharmaceuticals have been showing high therapeutic potential by means of biological and biosimilar medicines, particularly for the treatment of cancer, chronic diseases (e.g. diabetes, Crohn's disease, psoriasis and rheumatoid arthritis), neurodegenerative disorders (e.g. multiple sclerosis), and they have also been contributing to the progress of innovative therapies such as assisted reproductive medicine. Since the eighties, several biopharmaceuticals have been approved and, due to patents expiration, many biosimilars are also marketed. In this book, readers will find the most relevant updated information about the main clinical applications of pharmaceutical biotechnology. The authors provide expert analysis about the industrial challenges of recombinant proteins and the different classes of biopharmaceuticals, including monoclonal antibodies, vaccines, growth factors and stem cells. Topics such as bioprinting technologies in tissue engineering, gene therapy and personalized medicine are also covered in this book. Professionals, students and researchers interested in this field will find this work an important account. 
650 0 |a Biotechnology. 
650 0 |a Proteins . 
650 0 |a Pharmaceutical technology. 
650 0 |a Chemical engineering. 
650 0 |a Regenerative medicine. 
650 0 |a Tissue engineering. 
650 0 |a Human genetics. 
650 1 4 |a Biotechnology.  |0 https://scigraph.springernature.com/ontologies/product-market-codes/C12002 
650 2 4 |a Protein Science.  |0 https://scigraph.springernature.com/ontologies/product-market-codes/L14040 
650 2 4 |a Pharmaceutical Sciences/Technology.  |0 https://scigraph.springernature.com/ontologies/product-market-codes/B21010 
650 2 4 |a Industrial Chemistry/Chemical Engineering.  |0 https://scigraph.springernature.com/ontologies/product-market-codes/C27000 
650 2 4 |a Regenerative Medicine/Tissue Engineering.  |0 https://scigraph.springernature.com/ontologies/product-market-codes/L16080 
650 2 4 |a Human Genetics.  |0 https://scigraph.springernature.com/ontologies/product-market-codes/B12008 
655 7 |a Electronic books.  |2 local 
700 1 |a Silva, Ana Catarina.  |e editor.  |4 edt  |4 http://id.loc.gov/vocabulary/relators/edt 
700 1 |a Moreira, João Nuno.  |e editor.  |4 edt  |4 http://id.loc.gov/vocabulary/relators/edt 
700 1 |a Lobo, José Manuel Sousa.  |e editor.  |4 edt  |4 http://id.loc.gov/vocabulary/relators/edt 
700 1 |a Almeida, Hugo.  |e editor.  |4 edt  |4 http://id.loc.gov/vocabulary/relators/edt 
710 2 |a SpringerLink (Online service) 
773 0 |t Springer Nature eBook 
776 0 8 |i Printed edition:  |z 9783030404635 
776 0 8 |i Printed edition:  |z 9783030404659 
776 0 8 |i Printed edition:  |z 9783030404666 
830 0 |a Advances in Biochemical Engineering/Biotechnology,  |x 1616-8542 ;  |v 171 
856 4 0 |u http://proxy.library.tamu.edu/login?url=https://doi.org/10.1007/978-3-030-40464-2  |z Connect to the full text of this electronic book  |t 0 
950 |a Chemistry and Materials Science (SpringerNature-11644) 
950 |a Chemistry and Material Science (R0) (SpringerNature-43709) 
955 |a Springer EBA Purchase 
999 f f |s aafcc787-715c-4988-83d3-07bcfce64a4a  |i 11001980-8fb3-300d-a6fc-34751289ff52  |t 0 
952 f f |a Texas A&M University  |b College Station  |c Electronic Resources  |d Available Online  |t 0  |e TP248.13-248.65   |h Library of Congress classification 
998 f f |a TP248.13-248.65   |t 0  |l Available Online